| 000 | 00630cam a2200217 a 4500 | ||
|---|---|---|---|
| 001 | 000008819 | ||
| 005 | 20200929161419.0 | ||
| 008 | 770816s1984 sp 000 f spa d | ||
| 020 | _a8420631388 | ||
| 040 |
_aDO-SdBNP _dBNPHU |
||
| 082 |
_aA863.4 _bB616s |
||
| 100 | 1 |
_aBioy Casares, Adolfo, _d1914-1999 _923364 |
|
| 245 | 1 | 3 |
_aEl sueño de los héroes / _cAdolfo Bioy Casares. |
| 260 |
_aMadrid : _bAlianza ; _bEmecé, _cc1984. |
||
| 300 |
_a178 p. ; _c21 cm. |
||
| 650 | 4 |
_aNovela argentina _93941 |
|
| 650 | 4 |
_aLiteratura argentina _ySIGLO XX _914711 |
|
| 910 | _aCatalogación derivada / LC | ||
| 910 | _aWM | ||
| 049 | _aBNGR | ||
| 999 |
_c8588 _d8588 |
||